Трагедія Українців в Польщі (Запис № 17574)

000 -Маркер запису
Контрольне поле сталої довжини 02932nam a22002417a 4500
003 - Належність контрольного номера
Контрольне поле Uzh_bibl
008 - Кодовані дані
Контрольне поле сталої довжини 260430b |||||||| |||| 00| 0 ukr d
020 ## - Індекс ISBN
Ціна 15.00
040 ## - Джерело каталогіз.
Код мови каталог. укр.
041 ## - Код мови видання
Код мови оригіналу українська
Код мови тексту українська
080 ## - Індекс УДК
Індекс УДК 94(477)
090 ## - Шифри
Поличний індекс 94(477)
Авторський знак С 32
100 ## - Автор
Автор Сергійчук,Володимир
245 ## - Назва
Назва Трагедія Українців в Польщі
Відповідальність худож.оформ. Омелян Я.М.
Фізичний носій Текст
260 ## - Вихідні дані
Місце видання Тернопіль
Видавництво Книжково Журнальне Видавництво
Дата видання 1997
300 ## - Фізичний опис
Обсяг 440 с.
Тип одиниці В опр.
520 ## - Анотація
Анотація П’ятдесят років тому комуністична влада Польщі вчинила катастрофічну наругу над українцями Лемківщини, Надсяння, Холмщини та Підляшшя, насильно пересиливши їх із споконвічних батьківських земель на північно-східні території, що відійшли від Німеччини. З метою повної асиміляції близько 150 тисяч наших братів і сестер по крові було розселено по кілька сімей серед польського етносу. А перед цим, у 1944-1946 роках, 482 тисячі українців із вказаних етнічних земель нашого народу насильно відправили в Радянську Україну. Автор на основі численних документів і матеріалів показує процес освоєння українцями привісленських територій з часів Київської Русі, постійне прагнення тамтешньої людності жити спільно з Матір’ю-Україною, — аж до трагічних подій 1944-1947 років., Дослідження виконане в рамках програми «Українознавство в системі освіти, науки і культури» Інституту українознавства Київського національного університету імені Тараса Шевченка і рекомендоване Міністерством освіти України як посібник студентам і викладачам, котрі вивчають історію України, а також розраховане на всіх, хто цікавиться минулим
521 ## - Примітка про цільове призначення
Примітка про цільове призначення Для широкого кола читачів
546 ## - Примітка про мову
Примітка про мову укр.
650 ## - Тематичні рубрики
Основна рубрика Науково-популярна література
Типове ділення Історична література
653 ## - Ключові слова
Ключові слова Українські польські відносини
-- Вісла
942 ## - ADDED ENTRY ELEMENTS (KOHA)
Джерело класифікації чи схема поличного розташування
Koha item type Книги
Фонди
Статус вилучення Статус втрати/відсутності Джерело класифікації чи схема поличного розташування Статус пошкодження Тип обігу (не для випозичання) Постійне розташування Поточне розташування Розташування у відділі Дата надходження Інвентарний номер Total Checkouts Повний (примірниковий) шифр зберігання Штрих-код Date last seen Дата, для якої чинна ціна заміни Тип одиниці (рівень примірника)
          Публічна бібліотека Публічна бібліотека Абонемент 30/04/2026 55311   94(477) 19347 30/04/2026 30/04/2026 Книги

Працює на АБІС Коха